000 01003nam a2200301 i 4500
003 OSt
005 20260317111016.0
008 260317t20252019my a grb 000 0 may d
020 _a9789672422785
_cRM 35.00
_qpaperback
040 _aPPAK
_beng
_cPPAK
_erda
082 0 4 _223
_a499.2309
090 0 0 _a499.2309
_bZAB
_dG
100 0 _aZaʻba,
_q(Zainal Abidin bin Ahmad),
_cPendita,
_d1895-1973,
_eauthor.
245 1 0 _aBahasa Melayu :
_bKelebihannya dan Kekurangan /
_cZA'BA
250 _aEdisi Ketiga
264 1 _aKajang, Selangor :
_bAKADEMI JAWI MALAYSIA SDN BHD,
_c[2025]
264 4 _c©2019
300 _axxix, 124 pages :
_billustrations ;
_c20 cm
336 _atext
_2rdacontent
337 _aunmediated
_2rdamedia
338 _avolume
_2rdacarrier
490 1 _aSiri Karangan Terpilih
500 _aIncludes index.
650 1 0 _aMalay language
_xHistory and criticism
650 2 0 _aMalay language
_xUsage.
830 0 _aSiri karangan terpilih
942 _2ddc
_cB
999 _c203462
_d203462